000 00652nam a2200253 a 4500
003 AR-BaBNM
005 20251128205607.0
008 082120s2002 ||||||||||||||000 | spa||
040 _cAR-BaBNM
100 1 _aGálvez, Manuel
245 0 0 _aLa noche toca su fin
260 _aBuenos Aires
_bEdiciones Theoría
_c1956
300 _a199 p.
490 0 _aBiblioteca de novelistas modernos
650 4 _aLITERATURA ARGENTINA
650 4 _aLITERATURA CONTEMPORANEA
650 4 _aNOVELAS
650 4 _aCATOLICISMO
650 4 _aEXPERIENCIA RELIGIOSA
653 _aNOVELA PSICOLOGICA
655 _aLITERATURA
942 _cBK
998 _cMARTIN
999 _c12043
_d12043